Problemas de Mecánica teórica

Bibliographic Details
Main Author: Lipschutz, Seymour
Format: Section = Libro
Language:Undetermined
Spanish
Published: Colombia McGraw-Hill 2001
Edition:2a.ed
Subjects:
LEADER 00602nam a2200229Ia 4500
008 240830s9999 xx 000 0 und d
020 |a 958-41-0134-X 
040 |a B-ESTELÍ- RUACS / 620.1 M578 
041 |a spa 
082 |a 620.1 M578 
100 1 |a Lipschutz, Seymour 
245 1 0 |a Problemas de Mecánica teórica 
250 |a 2a.ed 
260 |a Colombia  |b McGraw-Hill  |c 2001 
300 |a 324 p. :il. 
650 7 |a PROBABLIDAD - PROBLEMAS 
650 7 |b  CADENAS DE MARKOV 
650 7 |c  PROCESOS ALAEATORIOS 
650 7 |d  DISTRIBUCION BINOMIAL 
942 |c BK  |2 ddc 
991 |a TEXTO 
999 |c 11150